000 00739nam a2200253Ia 4500
003 OSt
005 20220918225548.0
006 a|||||r|||| 00| 0
007 ta
008 220917b |||||||| |||| 00| 0 eng d
020 _c650
024 _a242,676
037 _b01, 16/06/2010, S.H.Qasemi
_cTextual
040 _aARTS
_cARTS
_beng
041 _2eng
_aeng
082 _aV2:7, P6
100 _aQuddusi Mohammad Yaseen Au.
_9150670
245 0 _aGlimpses of Indian history and culture
260 _aNagpur
_bDr. Mohammad Yaseen Quddussi India
_c2006
300 _a192p.
_ccm.
650 _aHISTORY
942 _hV2:7, P6
_cTEXL
_2CC
999 _c285051
_d285051